[Event "Mittelrhein Regionalliga 18/19"]
[Site "Nordrheinwestfalen"]
[Date "2018.11.18"]
[Round "4.4"]
[White "Keller, Thomas L"]
[Black "Frost, Andreas"]
[Result "1-0"]
[WhiteElo "2197"]
[BlackElo "1911"]
[PlyCount "49"]
[EventDate "2018.10.28"]
[EventType "team-tourn"]
[EventRounds "11"]
[EventCountry "GER"]
[SourceTitle "EXT 2022"]
[Source "ChessBase"]
[SourceDate "2021.10.06"]
[SourceVersion "1"]
[SourceVersionDate "2021.10.06"]
[SourceQuality "1"]
[WhiteTeam "Bruehl"]
[BlackTeam "Wuerselen"]
[WhiteTeamCountry "GER"]
[BlackTeamCountry "GER"]

1. e4 c5 2. d4 cxd4 3. c3 d3 4. Bxd3 d6 5. f4 Nc6 6. Nf3 Qb6 7. Qe2 g6 8. Na3 Bg7 9. Nc4 Qc7 10. 0-0 Nf6 11. e5 dxe5 12. fxe5 Ng4 13. Nd6+ Kf8 14. Nxc8 Ncxe5 15. Nxe5 Nxe5 16. Nxe7 Nxd3 17. Qxd3 Qxe7 18. Qc4 h6 19. Bf4 f6 20. Rae1 Qd8 21. Rd1 Qb6+ 22. Kh1 Re8 23. Bd6+ Re7 24. Qe6 Qd8 25. Rfe1 1-0

[Event "NRW Class1 1718"]
[Site "Germany"]
[Date "2018.01.28"]
[Round "5.3"]
[White "Keller, Thomas L"]
[Black "Kruse, Herbert"]
[Result "0-1"]
[WhiteElo "2233"]
[BlackElo "2175"]
[PlyCount "124"]
[EventDate "2017.09.17"]
[EventType "team-tourn"]
[EventRounds "9"]
[EventCountry "GER"]
[SourceTitle "EXT 2019"]
[Source "ChessBase"]
[SourceDate "2018.10.10"]
[SourceVersion "1"]
[SourceVersionDate "2018.10.10"]
[SourceQuality "1"]
[WhiteTeam "Bruehl"]
[BlackTeam "Bielefeld"]
[WhiteTeamCountry "GER"]
[BlackTeamCountry "GER"]

1. e4 c5 2. Nf3 d6 3. g3 Nf6 4. d3 Nc6 5. Bg2 g6 6. 0-0 Bg7 7. Re1 e5 8. c3 0-0 9. Nbd2 b5 10. a4 b4 11. Nc4 Be6 12. Bd2 Rb8 13. Ne3 bxc3 14. bxc3 Qa5 15. c4 Qc7 16. Nd5 Bxd5 17. exd5 Nb4 18. Bc3 Rfe8 19. Ng5 h6 20. Ne4 Nd7 21. g4 Kh7 22. Ng3 Bf6 23. Be4 Bg5 24. Kg2 Kg7 25. Rh1 Qd8 26. Rb1 a5 27. Bf3 Bh4 28. Rg1 Qe7 29. Qe2 Kh7 30. Kh1 Bg5 31. Be4 Nf6 32. Qf3 Rg8 33. Nh5 Nxe4 34. Qxe4 Kh8 35. Ng3 Kh7 36. Rgf1 Rbf8 37. f3 Qd7 38. Ra1 f5 39. Qe2 Bf4 40. Kg2 Qd8 41. Rh1 Qh4 42. Be1 Qf6 43. Bc3 fxg4 44. fxg4 Bxg3 45. hxg3 g5 46. Bxb4 cxb4 47. Rac1 Rf7 48. Rhf1 Qe7 49. Qe4+ Kg7 50. Rxf7+ Qxf7 51. c5 Rc8 52. Rf1 Qe7 53. c6 b3 54. d4 b2 55. dxe5 dxe5 56. Rb1 Rb8 57. Kh3 Qd6 58. Qc4 Qg6 59. Qf1 h5 60. c7 hxg4+ 61. Kg2 Qe4+ 62. Kg1 Rh8 0-1

[Event "NRW Class1 1718"]
[Site "Germany"]
[Date "2017.12.17"]
[Round "4.2"]
[White "Keller, Thomas L"]
[Black "Stolte, Alexander"]
[Result "1-0"]
[WhiteElo "2233"]
[BlackElo "2173"]
[PlyCount "89"]
[EventDate "2017.09.17"]
[EventType "team-tourn"]
[EventRounds "9"]
[EventCountry "GER"]
[SourceTitle "EXT 2019"]
[Source "ChessBase"]
[SourceDate "2018.10.10"]
[SourceVersion "1"]
[SourceVersionDate "2018.10.10"]
[SourceQuality "1"]
[WhiteTeam "Bruehl"]
[BlackTeam "Sundern"]
[WhiteTeamCountry "GER"]
[BlackTeamCountry "GER"]

1. e4 g6 2. d4 Bg7 3. Nf3 d6 4. Nc3 a6 5. a4 e6 6. Bd3 Ne7 7. Be3 d5 8. Qd2 h6 9. 0-0 Nbc6 10. Rfe1 Kf8 11. Rad1 b6 12. Bf4 Bb7 13. exd5 exd5 14. Be5 Bc8 15. Qf4 g5 16. Qg3 Ra7 17. Bxg7+ Kxg7 18. h4 Ng6 19. Bxg6 Kxg6 20. Ne5+ Nxe5 21. dxe5 Be6 22. Nxd5 Qe8 23. Nf4+ Kg7 24. hxg5 h5 25. b3 Ra8 26. Rd3 h4 27. Qf3 Bf5 28. Rde3 Qe7 29. e6 Qxg5 30. Nh3 Qg4 31. e7 Qxf3 32. Rxf3 Bxc2 33. Nf4 Rac8 34. Nd5 f5 35. Nxc7 Rxc7 36. e8Q Rxe8 37. Rxe8 Be4 38. Rh3 Rc1+ 39. Kh2 Rc2 40. f3 Bd5 41. Re3 Rb2 42. Rxh4 Rxb3 43. Rxb3 Bxb3 44. Rb4 Bd1 45. Rxb6 1-0

[Event "NRW Class1 1718"]
[Site "Germany"]
[Date "2017.11.19"]
[Round "3.3"]
[White "Kartsev, Soel"]
[Black "Keller, Thomas L"]
[Result "1-0"]
[WhiteElo "2164"]
[BlackElo "2233"]
[PlyCount "109"]
[EventDate "2017.09.17"]
[EventType "team-tourn"]
[EventRounds "9"]
[EventCountry "GER"]
[SourceTitle "EXT 2019"]
[Source "ChessBase"]
[SourceDate "2018.10.10"]
[SourceVersion "1"]
[SourceVersionDate "2018.10.10"]
[SourceQuality "1"]
[WhiteTeam "Brackel"]
[BlackTeam "Bruehl"]
[WhiteTeamCountry "GER"]
[BlackTeamCountry "GER"]

1. e4 e5 2. Nf3 Nc6 3. Bb5 Nf6 4. d3 d6 5. c3 Be7 6. 0-0 0-0 7. Nbd2 a6 8. Ba4 Re8 9. Re1 Bf8 10. Nf1 h6 11. Ng3 g6 12. h3 Bg7 13. Nh2 d5 14. Qe2 b5 15. Bb3 Be6 16. h4 Qd7 17. h5 d4 18. hxg6 fxg6 19. Nf3 Rad8 20. Nh4 Kh7 21. Bc2 dxc3 22. bxc3 b4 23. d4 exd4 24. e5 d3 25. exf6 dxe2 26. fxg7 Bf7 27. Nh5 Qd1 28. Nf6+ Kxg7 29. Nxe8+ Kh8 30. Bxd1 exd1Q 31. Rxd1 Rxd1+ 32. Kh2 Bxe8 33. cxb4 Kg8 34. a3 Ne5 35. Bb2 Rxa1 36. Bxa1 Nc4 37. a4 Kf7 38. Nf3 Ke6 39. Bg7 h5 40. a5 Kf5 41. Nd4+ Ke4 42. Ne6 Bc6 43. f3+ Ke3 44. Nxc7 Bb7 45. Ne6 Bc8 46. Nc5 g5 47. Bf6 Kf4 48. Bd8 Na3 49. Bc7+ Kf5 50. Kg3 Nb5 51. Bd8 Nd4 52. Ne4 h4+ 53. Kf2 Bd7 54. Bxg5 h3 55. g4+ 1-0

[Event "Mittelrhein Regionalliga 1415"]
[Site "Mittelrhein"]
[Date "2015.02.22"]
[Round "7.2"]
[White "Keller, Thomas L"]
[Black "Christensen, Niels Bech"]
[Result "0-1"]
[WhiteElo "2247"]
[BlackElo "2172"]
[PlyCount "79"]
[EventDate "2014.09.28"]
[EventType "team-tourn"]
[EventRounds "9"]
[EventCountry "GER"]
[SourceTitle "EXT 2023"]
[Source "ChessBase"]
[SourceDate "2022.10.05"]
[SourceVersion "1"]
[SourceVersionDate "2022.10.05"]
[SourceQuality "1"]
[WhiteTeam "Bruehl"]
[BlackTeam "Bonn Beuel"]
[WhiteTeamCountry "GER"]
[BlackTeamCountry "GER"]

1. e4 c5 2. Nf3 d6 3. d4 cxd4 4. Nxd4 Nf6 5. Nc3 a6 6. Bc4 e6 7. Bb3 Nbd7 8. Bg5 Qa5 9. Qd2 Be7 10. 0-0 h6 11. Be3 Nc5 12. Rae1 Bd7 13. f4 Ng4 14. Kh1 Nxe3 15. Rxe3 Rc8 16. Rg3 Bf6 17. Rd1 0-0 18. Nd5 Qd8 19. Nxf6+ Qxf6 20. e5 dxe5 21. fxe5 Qxe5 22. Re3 Qf4 23. Qe1 Nxb3 24. axb3 Bc6 25. Nxc6 Rxc6 26. Re4 Qc7 27. c4 Rd8 28. Red4 Rcd6 29. Qc3 e5 30. R4d2 Qc5 31. h3 Rxd2 32. Rxd2 Rxd2 33. Qxd2 Qd4 34. Qb4 b6 35. Qa4 g6 36. Qxa6 e4 37. b4 Qd1+ 38. Kh2 Qd6+ 39. Kg1 Qd1+ 40. Kh2 0-1

[Event "SC-2013-0-00210"]
[Site "LSS email"]
[Date "2014.01.16"]
[Round "?"]
[White "Keller, Thomas L"]
[Black "Trani, Francesco"]
[Result "1/2-1/2"]
[WhiteElo "1658"]
[BlackElo "1680"]
[PlyCount "71"]
[EventDate "2013.12.14"]
[EventType "tourn (corr)"]
[EventRounds "6"]
[EventCountry "GER"]
[SourceTitle "Corr 2015"]
[Source "ChessBase"]
[SourceDate "2015.07.17"]
[SourceVersion "1"]
[SourceVersionDate "2015.07.17"]
[SourceQuality "1"]

1. e4 c5 2. Nf3 d6 3. d4 cxd4 4. Nxd4 Nf6 5. Nc3 a6 6. Be2 e5 7. Nb3 Be7 8. 0-0 0-0 9. Kh1 b6 10. Be3 Bb7 11. f3 b5 12. Qd2 Nbd7 13. a3 Qc7 14. Rad1 Rad8 15. Qe1 Rfe8 16. Qf2 Nh5 17. Rd2 Nf4 18. Bxf4 exf4 19. Nd5 Bxd5 20. exd5 Bf6 21. Nd4 Qc5 22. Nc6 Qxf2 23. Rxf2 Ra8 24. c3 Bh4 25. Rf1 Nb6 26. Nb4 Re3 27. Rfd1 g6 28. Bf1 Kg7 29. Kg1 f5 30. Nc2 Re5 31. Nb4 Bg5 32. Re2 Re3 33. Nc2 Rxe2 34. Bxe2 Na4 35. Rb1 Bf6 36. Kf2 1/2-1/2

[Event "SC-2013-0-00210"]
[Site "LSS email"]
[Date "2014.01.15"]
[Round "?"]
[White "Habes, Jiri"]
[Black "Keller, Thomas L"]
[Result "1/2-1/2"]
[WhiteElo "1717"]
[BlackElo "1658"]
[PlyCount "34"]
[EventDate "2013.12.14"]
[EventType "tourn (corr)"]
[EventRounds "6"]
[EventCountry "GER"]
[SourceTitle "Corr 2015"]
[Source "ChessBase"]
[SourceDate "2015.07.17"]
[SourceVersion "1"]
[SourceVersionDate "2015.07.17"]
[SourceQuality "1"]

1. e4 c5 2. Nf3 d6 3. d4 cxd4 4. Nxd4 Nf6 5. Nc3 a6 6. Bc4 e6 7. 0-0 b5 8. Bb3 Be7 9. Be3 Qc7 10. f3 0-0 11. Qd2 Nc6 12. Nxc6 Qxc6 13. Rfc1 Bb7 14. a4 Nd7 15. Qd4 Nc5 16. Qb4 Nxb3 17. Qxb3 bxa4 1/2-1/2

[Event "SC-2013-0-00210"]
[Site "LSS email"]
[Date "2014.01.15"]
[Round "?"]
[White "Paetzold, Ortwin"]
[Black "Keller, Thomas L"]
[Result "1/2-1/2"]
[WhiteElo "1680"]
[BlackElo "1658"]
[PlyCount "38"]
[EventDate "2013.12.14"]
[EventType "tourn (corr)"]
[EventRounds "6"]
[EventCountry "GER"]
[SourceTitle "Corr 2015"]
[Source "ChessBase"]
[SourceDate "2015.07.17"]
[SourceVersion "1"]
[SourceVersionDate "2015.07.17"]
[SourceQuality "1"]

1. e4 c5 2. Nf3 d6 3. d4 cxd4 4. Nxd4 Nf6 5. Nc3 a6 6. f4 e5 7. Nf3 Nbd7 8. a4 Be7 9. Bd3 0-0 10. 0-0 exf4 11. Bxf4 Ne5 12. Kh1 Qc7 13. Bg5 Be6 14. Nxe5 dxe5 15. Bxf6 Bxf6 16. Rxf6 gxf6 17. Qh5 Rfd8 18. Rf1 Qb6 19. Qh6 Qxb2 1/2-1/2

[Event "Regionalliga Mittelrhein 1213"]
[Site "Germany"]
[Date "2013.03.03"]
[Round "8.2"]
[White "Keller, Karsten"]
[Black "Keller, Thomas L"]
[Result "1/2-1/2"]
[WhiteElo "2134"]
[BlackElo "2233"]
[PlyCount "65"]
[EventDate "2012.09.09"]
[EventType "team"]
[EventRounds "11"]
[EventCountry "GER"]
[SourceTitle "EXT 2015"]
[Source "ChessBase"]
[SourceDate "2014.11.20"]
[SourceVersion "1"]
[SourceVersionDate "2014.11.20"]
[SourceQuality "1"]
[WhiteTeam "Langenfeld II"]
[BlackTeam "Bruehl"]
[WhiteTeamCountry "GER"]
[BlackTeamCountry "GER"]

1. Nf3 Nf6 2. c4 g6 3. Nc3 Bg7 4. e4 d6 5. d4 0-0 6. Be2 e5 7. 0-0 Nc6 8. d5 Ne7 9. b4 Nh5 10. g3 f5 11. Ng5 Nf6 12. Bf3 Kh8 13. Bg2 fxe4 14. Ncxe4 Nf5 15. Bb2 Nd4 16. Nxf6 Qxf6 17. f4 Bd7 18. Qd2 exf4 19. Ne4 Ne2+ 20. Qxe2 Qxb2 21. Qxb2 Bxb2 22. Rad1 fxg3 23. hxg3 Be5 24. Kh2 h5 25. Ng5 Bg4 26. Bf3 Rf5 27. Bxg4 Rxg5 28. Be6 Rxg3 29. Kh1 Kg7 30. Rf7+ Kh6 31. Rg1 Ra3 32. Rxc7 Rf8 33. Bf7 1/2-1/2

[Event "Regionalliga Mittelrhein 1213"]
[Site "Germany"]
[Date "2012.11.11"]
[Round "4.2"]
[White "Beeker, Detlef"]
[Black "Keller, Thomas L"]
[Result "0-1"]
[WhiteElo "2221"]
[BlackElo "2233"]
[PlyCount "116"]
[EventDate "2012.09.09"]
[EventType "team"]
[EventRounds "11"]
[EventCountry "GER"]
[SourceTitle "EXT 2015"]
[Source "ChessBase"]
[SourceDate "2014.11.20"]
[SourceVersion "1"]
[SourceVersionDate "2014.11.20"]
[SourceQuality "1"]
[WhiteTeam "Koeln Lasker"]
[BlackTeam "Bruehl"]
[WhiteTeamCountry "GER"]
[BlackTeamCountry "GER"]

1. e4 c5 2. Nc3 Nc6 3. Bb5 d6 4. Bxc6+ bxc6 5. d3 g6 6. f4 Bg7 7. Nf3 Nf6 8. 0-0 0-0 9. Qe1 Ne8 10. Qh4 Nc7 11. f5 f6 12. fxg6 hxg6 13. Qg3 Qe8 14. Nh4 Kh7 15. Nd1 Rh8 16. Rb1 Rb8 17. Rf2 Be6 18. a4 Ba2 19. Ra1 Bf7 20. Ne3 Ne6 21. Nxg6 Bxg6 22. Qh3+ Kg8 23. Qxe6+ Bf7 24. Qg4 Bh5 25. Qg3 Qg6 26. Qxg6 Bxg6 27. Nf5 Bf8 28. b3 d5 29. Bf4 Rb7 30. Re1 c4 31. dxc4 dxc4 32. Rf3 cxb3 33. cxb3 e6 34. Nd6 Rb4 35. Rg3 Kh7 36. Nc4 Bc5+ 37. Be3 Bxe3+ 38. Rexe3 Rd8 39. Rg4 Rd1+ 40. Kf2 f5 41. exf5 exf5 42. Rg5 Kh6 43. h4 Bf7 44. Ne5 Bxb3 45. Rxf5 Bd5 46. g4 Rxa4 47. g5+ Kh5 48. Rc3 Rxh4 49. Nxc6 Rh2+ 50. Kg3 Rg2+ 51. Kf4 Rf1+ 52. Ke5 Re2+ 53. Kxd5 Rxf5+ 54. Kc4 Re4+ 55. Kb3 Rb5+ 56. Kc2 a5 57. Rg3 Rc4+ 58. Rc3 Rbc5 0-1